Microwave Materials and Fabrication Techniques / (Record no. 17450)
[ view plain ]
| 000 -LEADER | |
|---|---|
| fixed length control field | 00853cam a22002534a 4500 |
| 001 - CONTROL NUMBER | |
| control field | 12009503 |
| 005 - DATE AND TIME OF LATEST TRANSACTION | |
| control field | 20130508164755.0 |
| 008 - FIXED-LENGTH DATA ELEMENTS--GENERAL INFORMATION | |
| fixed length control field | 000516s2000 maua b 001 0 eng |
| 010 ## - LIBRARY OF CONGRESS CONTROL NUMBER | |
| LC control number | 00040623 |
| 020 ## - INTERNATIONAL STANDARD BOOK NUMBER | |
| International Standard Book Number | 1580530648 (alk. paper) |
| 020 ## - INTERNATIONAL STANDARD BOOK NUMBER | |
| International Standard Book Number | 9781580530644 |
| 082 00 - DEWEY DECIMAL CLASSIFICATION NUMBER | |
| Classification number | 621.38133 |
| Edition number | 21 |
| Item number | LAV |
| 100 1# - MAIN ENTRY--PERSONAL NAME | |
| Personal name | Laverghetta, Thomas S. |
| 9 (RLIN) | 33154 |
| 245 10 - TITLE STATEMENT | |
| Title | Microwave Materials and Fabrication Techniques / |
| Statement of responsibility, etc | Thomas S. Laverghetta. |
| 250 ## - EDITION STATEMENT | |
| Edition statement | 3rd ed. |
| 260 ## - PUBLICATION, DISTRIBUTION, ETC. (IMPRINT) | |
| Place of publication, distribution, etc | Boston, MA : |
| Name of publisher, distributor, etc | Artech House, |
| Date of publication, distribution, etc | 2000. |
| 300 ## - PHYSICAL DESCRIPTION | |
| Extent | xii, 287 p. : |
| Other physical details | ill. ; |
| Dimensions | 24 cm. |
| 440 #0 - | |
| -- | Artech House microwave library |
| -- | 33155 |
| 504 ## - BIBLIOGRAPHY, ETC. NOTE | |
| Bibliography, etc | Includes bibliographical references (p. 271-275) and index. |
| 650 #0 - SUBJECT ADDED ENTRY--TOPICAL TERM | |
| Topical term or geographic name as entry element | Microwave circuits |
| General subdivision | Materials. |
| 9 (RLIN) | 33156 |
| 650 #0 - SUBJECT ADDED ENTRY--TOPICAL TERM | |
| Topical term or geographic name as entry element | Microwave circuits |
| General subdivision | Design and construction. |
| 9 (RLIN) | 33157 |
| 653 ## - INDEX TERM--UNCONTROLLED | |
| Resource For college | |
| Arrived date list | May2013 |
| 942 ## - ADDED ENTRY ELEMENTS (KOHA) | |
| Source of classification or shelving scheme | Dewey Decimal Classification |
| Item type | Book - Borrowing |
| Withdrawn status | Item status | Source of classification or shelving scheme | Damaged status | Not for loan | Vendor | Home library | Current library | Shelving location | Date acquired | Source of acquisition | Cost, normal purchase price | Serial Enumeration / chronology | Total Checkouts | Full call number | Barcode | Date last seen | Cost, replacement price | Koha item type |
|---|---|---|---|---|---|---|---|---|---|---|---|---|---|---|---|---|---|---|
| Dewey Decimal Classification | Baccah | Central Library | Central Library | First floor | 08/05/2013 | 890.00 | 17664 | 621.38133 LAV | 000028715 | 15/07/2025 | 1115.00 | Book - Borrowing |